Online katalóg knižníc regiónu Turca

Stratená rovnováha (Record no. 22337)

MARC details
000 -LEADER
fixed length control field 01559nam a2200517 a 4500
001 - CONTROL NUMBER
control field 22337
003 - CONTROL NUMBER IDENTIFIER
control field VRT
005 - DATE AND TIME OF LATEST TRANSACTION
control field 20260326143550.0
008 - FIXED-LENGTH DATA ELEMENTS--GENERAL INFORMATION
fixed length control field 240314s2014 xo g 000 f slo
015 ## - NATIONAL BIBLIOGRAPHY NUMBER
National bibliography number SNBA2014/09
020 ## - INTERNATIONAL STANDARD BOOK NUMBER
International Standard Book Number 9788055138619
Qualifying information (brož.)
035 ## - SYSTEM CONTROL NUMBER
System control number E9FDF792-704D-45F3-8E03-8AF55A3C80DA
035 ## - SYSTEM CONTROL NUMBER
System control number urn:nbn:sk:snk-am3h6j7
035 ## - SYSTEM CONTROL NUMBER
System control number urn:nbn:sk:snk-am008yzy
039 #9 - LEVEL OF BIBLIOGRAPHIC CONTROL AND CODING DETAIL [OBSOLETE]
Level of rules in bibliographic description 202403140946
Level of effort used to assign nonsubject heading access points VLOAD
Level of effort used to assign subject headings 201806011100
Level of effort used to assign classification VLOAD
Level of effort used to assign subject headings 201604291401
Level of effort used to assign classification VLOAD
Level of effort used to assign subject headings 201604271727
Level of effort used to assign classification VLOAD
040 ## - CATALOGING SOURCE
Original cataloging agency POKPOH
Language of cataloging slo
Transcribing agency POKPOH
Modifying agency SNK
Description conventions AACR2
041 0# - LANGUAGE CODE
Language code of text/sound track or separate title slo
044 ## - COUNTRY OF PUBLISHING/PRODUCING ENTITY CODE
MARC country code xo
ISO country code SK
072 #7 - SUBJECT CATEGORY CODE
Subject category code 821.162.4-3
Subject category code subdivision Slovenská próza
Source konspekt
080 ## - UNIVERSAL DECIMAL CLASSIFICATION NUMBER
Universal Decimal Classification number 821.162.4-31
Edition identifier 2001
100 1# - MAIN ENTRY--PERSONAL NAME
Personal name Boldišová, Andrea
Relationship aut
245 10 - TITLE STATEMENT
Title Stratená rovnováha
Statement of responsibility, etc. Andrea Boldišová
260 ## - PUBLICATION, DISTRIBUTION, ETC.
Place of publication, distribution, etc. Bratislava
Name of publisher, distributor, etc. Ikar
Date of publication, distribution, etc. 2014
300 ## - PHYSICAL DESCRIPTION
Extent 301 s.
Dimensions 17 cm
490 1# - SERIES STATEMENT
Series statement Príbehy z kabelky
655 #7 - INDEX TERM--GENRE/FORM
Genre/form data or focus term slovenské romány
Source of term SNKPH
655 #7 - INDEX TERM--GENRE/FORM
Genre/form data or focus term Slovak fiction
Source of term SNKPHeng
830 #0 - SERIES ADDED ENTRY--UNIFORM TITLE
Uniform title Príbehy z kabelky
910 ## - USER-OPTION DATA (OCLC)
User-option data pokpoh
910 ## - USER-OPTION DATA (OCLC)
User-option data vthk
910 ## - USER-OPTION DATA (OCLC)
User-option data svkbb
910 ## - USER-OPTION DATA (OCLC)
User-option data sllk
910 ## - USER-OPTION DATA (OCLC)
User-option data pppk
910 ## - USER-OPTION DATA (OCLC)
User-option data skpk
910 ## - USER-OPTION DATA (OCLC)
User-option data ttkjf
910 ## - USER-OPTION DATA (OCLC)
User-option data snk
910 ## - USER-OPTION DATA (OCLC)
User-option data bjkdg
910 ## - USER-OPTION DATA (OCLC)
User-option data totk
910 ## - USER-OPTION DATA (OCLC)
User-option data hevk
942 ## - ADDED ENTRY ELEMENTS (KOHA)
Source of classification or shelving scheme Dewey Decimal Classification
Koha item type Krásna literatúra pre dospelých
Suppress in OPAC No
949 ## - LOCAL PROCESSING INFORMATION (OCLC)
6 273K0579705
a svkpoA 222793
b svkpo577826
949 ## - LOCAL PROCESSING INFORMATION (OCLC)
6 2889213873
a savukPV 19525
b savuk2014/3487
949 ## - LOCAL PROCESSING INFORMATION (OCLC)
6 270001000459799
a svkbbA 142325
b svkbbm 746845
949 ## - LOCAL PROCESSING INFORMATION (OCLC)
6 17A1115484
a snkSD 83482
b snk2014/18383
o 1865/14
s 6100:20140925
949 ## - LOCAL PROCESSING INFORMATION (OCLC)
6 17A1115485
a snkSD 83482 D1
b snk2014/18384
o 1865/14
Holdings
Stav vyradenia Strata Poškodenie Spôsob nadobudnutia Domovská knižnica Aktuálna knižnica Dátum nadobudnutia Total checkouts Čiarový kód exemplára Date last seen Typ exemplára
      Dar Obecná knižnica Horná Štubňa Obecná knižnica Horná Štubňa 26.03.2026   9788055138619 26.03.2026 Krásna literatúra pre dospelých
Projekt je podporený Slovenskou asociáciou knižníc
Prevádzkuje Turčianska knižnica Martin 2026